000
00270nam a2200109Ia 4500
008
220204s9999 xx 000 0 und d
082
_a
005
_b
STA;1
100
_a
Stableford, B M
245
0
_a
Mysteries of modern science
260
_a
London
_b
Routledge
_c
1977
942
_c
BK
999
_c
27948
_d
27948